Kierowanie kompetencjami bilanse doswiadczen zawodowych
Uložené v:
| Hlavný autor: | |
|---|---|
| Ďalší autori: | |
| Médium: | Kniha |
| Jazyk: | Polish |
| Vydavateľské údaje: |
Warszawa
Poltext
1997
|
| Edícia: | Finanse-Zarzadzanie-Rozwój
|
| Predmet: | |
| Tagy: |
Žiadne tagy, Buďte prvý, kto otaguje tento záznam!
|
MARC
| LEADER | 00000nam a2200000 4500 | ||
|---|---|---|---|
| 001 | c123120 | ||
| 005 | 20230220124108.0 | ||
| 020 | |a 83-86890-37-1 | ||
| 041 | 0 | |a pol | |
| 044 | |a PL | ||
| 245 | 1 | 0 | |a Kierowanie kompetencjami |b bilanse doswiadczen zawodowych |c Claude Lévy-Leboyer ; [preklad: Marian Egeman] |
| 264 | 1 | |a Warszawa |b Poltext |c 1997 | |
| 300 | |a 131 s. | ||
| 490 | 1 | |a Finanse-Zarzadzanie-Rozwój | |
| 830 | 0 | |a Finanse-Zarzadzanie-Rozwój | |
| 610 | 2 | 0 | |a kompetencie |
| 610 | 2 | 0 | |a odbornosť |
| 610 | 2 | 0 | |a ohodnotenie osobné |
| 610 | 2 | 0 | |a motivácia pracovná |
| 610 | 2 | 0 | |a kariéra |
| 610 | 2 | 0 | |a pracovníci |
| 610 | 2 | 0 | |a pracovníci kvalifikovaní |
| 610 | 2 | 0 | |a pracovníci odborní |
| 610 | 2 | 0 | |a spôsobilosť k práci |
| 100 | 1 | |a Lévy-Leboyer, Claude | |
| 700 | 1 | |a Egeman, Marian | |